<?xml version="1.0" encoding="UTF-8"?>
<record
    xmlns:xsi="http://www.w3.org/2001/XMLSchema-instance"
    xsi:schemaLocation="http://www.loc.gov/MARC21/slim http://www.loc.gov/standards/marcxml/schema/MARC21slim.xsd"
    xmlns="http://www.loc.gov/MARC21/slim">

  <leader>01203nam1a2200313 i 4500</leader>
  <controlfield tag="001">RU\NLR\BIBL_A\011202454</controlfield>
  <controlfield tag="005">20241105192004.0</controlfield>
  <datafield tag="035" ind1=" " ind2=" ">
    <subfield code="a">(NLR Aleph) 011202454</subfield>
  </datafield>
  <datafield tag="090" ind1=" " ind2=" ">
    <subfield code="a">11930723</subfield>
    <subfield code="c">11930723</subfield>
  </datafield>
  <datafield tag="100" ind1=" " ind2=" ">
    <subfield code="a">20160815g20169999um y0rusy50      ca</subfield>
  </datafield>
  <datafield tag="101" ind1="0" ind2=" ">
    <subfield code="a">rus</subfield>
  </datafield>
  <datafield tag="102" ind1=" " ind2=" ">
    <subfield code="a">RU</subfield>
  </datafield>
  <datafield tag="105" ind1=" " ind2=" ">
    <subfield code="a">||||z||||||||</subfield>
  </datafield>
  <datafield tag="200" ind1="1" ind2=" ">
    <subfield code="a">&#x42F;&#x43F;&#x43E;&#x43D;&#x438;&#x44F; &#x43D;&#x430; &#x43F;&#x43E;&#x447;&#x442;&#x43E;&#x432;&#x44B;&#x445; &#x43E;&#x442;&#x43A;&#x440;&#x44B;&#x442;&#x43A;&#x430;&#x445;</subfield>
    <subfield code="e">&#x441;&#x442;&#x43E; &#x43B;&#x435;&#x442; &#x43D;&#x430;&#x437;&#x430;&#x434;</subfield>
    <subfield code="f">&#x413;&#x435;&#x43D;&#x43D;&#x430;&#x434;&#x438;&#x439; &#x422;&#x443;&#x440;&#x43C;&#x43E;&#x432;, &#x41D;&#x43E;&#x431;&#x443;&#x44E;&#x43A;&#x438; &#x41C;&#x438;&#x443;&#x440;&#x430;</subfield>
  </datafield>
  <datafield tag="210" ind1=" " ind2=" ">
    <subfield code="a">&#x412;&#x43B;&#x430;&#x434;&#x438;&#x432;&#x43E;&#x441;&#x442;&#x43E;&#x43A;</subfield>
    <subfield code="c">&#x414;&#x430;&#x43B;&#x44C;&#x43D;&#x435;&#x432;&#x43E;&#x441;&#x442;&#x43E;&#x447;&#x43D;&#x44B;&#x439; &#x444;&#x435;&#x434;&#x435;&#x440;&#x430;&#x43B;&#x44C;&#x43D;&#x44B;&#x439; &#x443;&#x43D;&#x438;&#x432;&#x435;&#x440;&#x441;&#x438;&#x442;&#x435;&#x442;</subfield>
    <subfield code="d">2016</subfield>
  </datafield>
  <datafield tag="215" ind1=" " ind2=" ">
    <subfield code="d">26</subfield>
  </datafield>
  <datafield tag="607" ind1=" " ind2=" ">
    <subfield code="a">&#x42F;&#x43F;&#x43E;&#x43D;&#x438;&#x44F;</subfield>
    <subfield code="2">rubbk</subfield>
  </datafield>
  <datafield tag="607" ind1=" " ind2=" ">
    <subfield code="a">&#x42F;&#x43F;&#x43E;&#x43D;&#x438;&#x44F;</subfield>
    <subfield code="x">&#x418;&#x437;&#x43E;&#x431;&#x440;&#x430;&#x436;&#x435;&#x43D;&#x438;&#x435; &#x43D;&#x430; &#x43F;&#x43E;&#x447;&#x442;&#x43E;&#x432;&#x44B;&#x445; &#x43E;&#x442;&#x43A;&#x440;&#x44B;&#x442;&#x43A;&#x430;&#x445; &#x43C;&#x430;&#x440;&#x43A;&#x438;&#x440;&#x43E;&#x432;&#x430;&#x43D;&#x43D;&#x44B;&#x445; &#x445;&#x443;&#x434;&#x43E;&#x436;&#x435;&#x441;&#x442;&#x432;&#x435;&#x43D;&#x43D;&#x44B;&#x445;</subfield>
    <subfield code="9">2294565</subfield>
    <subfield code="3">RU\NLR\AUTH\6601601191</subfield>
  </datafield>
  <datafield tag="675" ind1=" " ind2=" ">
    <subfield code="a">75/76</subfield>
  </datafield>
  <datafield tag="686" ind1=" " ind2=" ">
    <subfield code="a">&#x429;153(0)53-3</subfield>
  </datafield>
  <datafield tag="686" ind1=" " ind2=" ">
    <subfield code="a">&#x429;153(0)53-489</subfield>
  </datafield>
  <datafield tag="700" ind1=" " ind2="1">
    <subfield code="a">&#x422;&#x443;&#x440;&#x43C;&#x43E;&#x432;</subfield>
    <subfield code="b">&#x413;. &#x41F;.</subfield>
    <subfield code="f">1941-</subfield>
    <subfield code="g">&#x413;&#x435;&#x43D;&#x43D;&#x430;&#x434;&#x438;&#x439; &#x41F;&#x435;&#x442;&#x440;&#x43E;&#x432;&#x438;&#x447;</subfield>
  </datafield>
  <datafield tag="701" ind1=" " ind2="1">
    <subfield code="a">&#x41D;&#x43E;&#x431;&#x443;&#x44E;&#x43A;&#x438;</subfield>
    <subfield code="b">&#x41C;.</subfield>
    <subfield code="g">&#x41C;&#x438;&#x443;&#x440;&#x430;</subfield>
  </datafield>
  <datafield tag="852" ind1=" " ind2=" ">
    <subfield code="a">NLR</subfield>
    <subfield code="j">&#x42D; &#x410;&#x43B;&#x422;76/2-11</subfield>
  </datafield>
  <datafield tag="942" ind1=" " ind2=" ">
    <subfield code="c">BOOK</subfield>
  </datafield>
  <datafield tag="980" ind1=" " ind2=" ">
    <subfield code="a">NBR</subfield>
  </datafield>
</record>
